[Event "European School Championships"]
[Site "Rhodes, Greece"]
[Date "2022.04.26"]
[Round "6.4"]
[White "Parikh, Naavya"]
[Black "Eshkol, Lilian"]
[Result "0-1"]
[WhiteElo "1627"]
[BlackElo "1636"]
[PlyCount "115"]
[EventDate "2022.04.21"]
[EventRounds "9"]

1. e4 {[%emt 0:00:02]} e5 {[%emt 0:00:21]} 2. Nf3 {[%emt 0:00:09]} Nc6 {
[%emt 0:00:17]} 3. Bc4 {[%emt 0:00:10]} Bc5 {[%emt 0:00:29]} 4. d3 {[%emt 0:00:
09]} h6 {[%emt 0:00:18]} 5. c3 {[%emt 0:00:17]} Nf6 {[%emt 0:01:24]} 6. O-O {
[%emt 0:00:32]} d6 {[%emt 0:00:40]} 7. Nbd2 {[%emt 0:00:37]} O-O {[%emt 0:00:
51]} 8. Re1 {[%emt 0:00:49]} Bb6 {[%emt 0:09:38]} 9. Nf1 {[%emt 0:01:21]} Re8 {
[%emt 0:04:31]} 10. Ng3 {[%emt 0:03:13]} Ne7 {[%emt 0:14:05]} 11. h3 {[%emt 0:
20:01]} Ng6 {[%emt 0:04:48]} 12. a3 {[%emt 0:08:05]} c6 {[%emt 0:02:56]} 13. b4
{[%emt 0:08:26]} d5 {[%emt 0:04:58]} 14. exd5 {[%emt 0:00:31]} cxd5 {[%emt 0:
00:09]} 15. Bb3 {[%emt 0:02:07]} a5 {[%emt 0:09:35]} 16. Bb2 {[%emt 0:03:00]}
Bd7 {[%emt 0:08:57]} 17. c4 {[%emt 0:11:43]} d4 {[%emt 0:07:31]} 18. Nd2 {
[%emt 0:06:57]} Nf4 {[%emt 0:03:35]} 19. Nde4 {[%emt 0:08:10]} Nxe4 {[%emt 0:
10:52]} 20. Nxe4 {[%emt 0:00:56]} Bc7 {[%emt 0:02:15]} 21. b5 {[%emt 0:02:16]}
b6 {[%emt 0:03:52]} 22. Ng3 {[%emt 0:05:00]} Qg5 {[%emt 0:02:06]} 23. Qf3 {
[%emt 0:01:47]} Qg6 {[%emt 0:02:37]} 24. Bc2 {[%emt 0:02:04]} Rac8 {[%emt 0:01:
55]} 25. Kh1 {[%emt 0:02:21]} Bd6 {[%emt 0:00:48]} 26. Rac1 {[%emt 0:00:26]} f5
{[%emt 0:02:45]} 27. Bb1 {[%emt 0:03:04]} Rc7 {[%emt 0:00:27]} 28. Ne2 {
[%emt 0:01:12]} Nxe2 {[%emt 0:01:32]} 29. Rxe2 {[%emt 0:00:22]} Bc8 {[%emt 0:
00:17]} 30. Qg3 {[%emt 0:01:23]} Qf6 {[%emt 0:00:42]} 31. Bxd4 {[%emt 0:01:24]}
f4 {[%emt 0:01:04]} 32. Qf3 {[%emt 0:00:20]} Bb7 {[%emt 0:00:13]} 33. Qh5 {
[%emt 0:00:31]} g6 {[%emt 0:00:27]} 34. Bxe5 {[%emt 0:03:05]} gxh5 {[%emt 0:00:
38]} 35. Bxf6 {[%emt 0:00:08]} Rxe2 {[%emt 0:00:06]} 36. Kg1 {[%emt 0:00:35]}
Rf7 {[%emt 0:00:30]} 37. Bd4 {[%emt 0:00:24]} Bc5 {[%emt 0:00:25]} 38. Bxc5 {
[%emt 0:00:39]} bxc5 {[%emt 0:00:05]} 39. Kf1 {[%emt 0:00:36]} f3 {[%emt 0:00:
22]} 40. g3 {[%emt 0:00:49]} Rfe7 {[%emt 0:00:17]} 41. Bc2 {[%emt 0:00:57]} Rd2
{[%emt 0:00:26]} 42. Bd1 {[%emt 0:00:36]} Rxd3 {[%emt 0:01:05]} 43. a4 {
[%emt 0:00:23]} Bc8 {[%emt 0:00:34]} 44. h4 {[%emt 0:00:47]} Bh3+ {[%emt 0:00:
13]} 45. Kg1 {[%emt 0:00:14]} Re1+ {[%emt 0:00:07]} 46. Kh2 {[%emt 0:00:16]}
Rdxd1 {[%emt 0:00:37]} 47. Rxd1 {[%emt 0:00:22]} Rxd1 {[%emt 0:00:06]} 48. g4 {
[%emt 0:00:07]} Bxg4 {[%emt 0:00:45]} 49. Kg3 {[%emt 0:00:09]} Kf7 {[%emt 0:00:
23]} 50. b6 {[%emt 0:00:24]} Rb1 {[%emt 0:00:29]} 51. b7 {[%emt 0:00:02]} Rxb7
{[%emt 0:00:13]} 52. Kh2 {[%emt 0:00:09]} Kf6 {[%emt 0:00:07]} 53. Kg1 {
[%emt 0:00:17]} Bh3 {[%emt 0:00:18]} 54. Kh2 {[%emt 0:00:07]} Bg2 {[%emt 0:00:
14]} 55. Kg3 {[%emt 0:00:17]} Kf5 {[%emt 0:00:09]} 56. Kh2 {[%emt 0:00:13]} Kf4
{[%emt 0:00:12]} 57. Kg1 {[%emt 0:00:14]} Rb1+ {[%emt 0:00:08]} 58. Kh2 {
[%emt 0:00:12]} 0-1

[Event "European School Championships"]
[Site "Rhodes, Greece"]
[Date "2022.04.27"]
[Round "7.1"]
[White "Kirtadze, Anastasia"]
[Black "Eshkol, Lilian"]
[Result "1-0"]
[WhiteElo "1783"]
[BlackElo "1636"]
[PlyCount "85"]
[EventDate "2022.04.21"]
[EventRounds "9"]

1. e4 {[%emt 0:00:02]} e5 {[%emt 0:00:33]} 2. Nf3 {[%emt 0:00:07]} Nc6 {
[%emt 0:00:24]} 3. Bb5 {[%emt 0:00:04]} a6 {[%emt 0:00:17]} 4. Ba4 {[%emt 0:00:
04]} Nf6 {[%emt 0:01:23]} 5. O-O {[%emt 0:00:07]} Nxe4 {[%emt 0:00:17]} 6. d4 {
[%emt 0:00:16]} b5 {[%emt 0:00:12]} 7. Bb3 {[%emt 0:00:06]} d5 {[%emt 0:00:19]}
8. dxe5 {[%emt 0:00:24]} Be6 {[%emt 0:00:24]} 9. Nbd2 {[%emt 0:00:34]} Nc5 {
[%emt 0:02:03]} 10. c3 {[%emt 0:00:54]} Be7 {[%emt 0:02:10]} 11. Bc2 {[%emt 0:
12:49]} O-O {[%emt 0:07:35]} 12. Nb3 {[%emt 0:02:02]} Ne4 {[%emt 0:22:26]} 13.
Nbd4 {[%emt 0:04:58]} Nxd4 {[%emt 0:05:13]} 14. Nxd4 {[%emt 0:00:21]} Qd7 {
[%emt 0:03:09]} 15. f3 {[%emt 0:09:30]} Nc5 {[%emt 0:05:13]} 16. f4 {[%emt 0:
10:03]} Bg4 {[%emt 0:05:06]} 17. Qe1 {[%emt 0:00:24]} f6 {[%emt 0:01:58]} 18.
h3 {[%emt 0:33:13]} fxe5 {[%emt 0:10:43]} 19. hxg4 {[%emt 0:05:28]} exd4 {
[%emt 0:00:08]} 20. cxd4 {[%emt 0:01:15]} Nb7 {[%emt 0:12:19]} 21. Qg3 {
[%emt 0:03:34]} Nd6 {[%emt 0:02:11]} 22. f5 {[%emt 0:01:29]} Bf6 {[%emt 0:01:
51]} 23. Be3 {[%emt 0:02:29]} Rae8 {[%emt 0:07:33]} 24. g5 {[%emt 0:02:12]} Nc4
{[%emt 0:01:39]} 25. Bf2 {[%emt 0:00:41]} Re2 {[%emt 0:02:31]} 26. Bd3 {
[%emt 0:01:43]} Rxf2 {[%emt 0:02:44]} 27. Qxf2 {[%emt 0:00:28]} Bxg5 {[%emt 0:
00:39]} 28. Bxc4 {[%emt 0:00:42]} dxc4 {[%emt 0:00:15]} 29. Rae1 {[%emt 0:01:
28]} Bf6 {[%emt 0:01:18]} 30. Rd1 {[%emt 0:00:25]} Re8 {[%emt 0:00:22]} 31. d5
{[%emt 0:01:53]} Re5 {[%emt 0:00:42]} 32. Qf3 {[%emt 0:01:25]} Qd6 {[%emt 0:00:
18]} 33. g3 {[%emt 0:04:08]} Qc5+ {[%emt 0:01:03]} 34. Kh1 {[%emt 0:01:28]} Re3
{[%emt 0:00:52]} 35. Qg2 {[%emt 0:00:32]} Be5 {[%emt 0:00:47]} 36. Rf3 {
[%emt 0:00:25]} Rxf3 {[%emt 0:00:33]} 37. Qxf3 {[%emt 0:00:02]} Bxb2 {[%emt 0:
00:14]} 38. Re1 {[%emt 0:01:05]} c3 {[%emt 0:00:28]} 39. f6 {[%emt 0:00:36]}
Qf8 {[%emt 0:01:19]} 40. d6 {[%emt 0:00:31]} Qf7 {[%emt 0:00:37]} 41. Qa8+ {
[%emt 0:01:28]} Qf8 {[%emt 0:01:06]} 42. Re8 {[%emt 0:00:30]} c2 {[%emt 0:01:
57]} 43. Rxf8# {[%emt 0:00:07]} 1-0

[Event "European School Championships"]
[Site "Rhodes, Greece"]
[Date "2022.04.27"]
[Round "7.2"]
[White "Mgeladze, Kesaria"]
[Black "Keskinler, Ela"]
[Result "1/2-1/2"]
[WhiteElo "1663"]
[BlackElo "1434"]
[PlyCount "105"]
[EventDate "2022.04.21"]
[EventRounds "9"]

1. e4 {[%emt 0:00:06]} e6 {[%emt 0:00:08]} 2. d4 {[%emt 0:00:28]} d5 {[%emt 0:
00:11]} 3. Nc3 {[%emt 0:00:31]} Nf6 {[%emt 0:00:19]} 4. Bg5 {[%emt 0:01:04]}
Be7 {[%emt 0:00:11]} 5. e5 {[%emt 0:01:13]} Nfd7 {[%emt 0:00:27]} 6. Bxe7 {
[%emt 0:01:11]} Qxe7 {[%emt 0:00:13]} 7. f4 {[%emt 0:03:31]} a6 {[%emt 0:01:21]
} 8. Nf3 {[%emt 0:02:29]} c5 {[%emt 0:02:23]} 9. dxc5 {[%emt 0:02:46]} Qxc5 {
[%emt 0:02:20]} 10. Bd3 {[%emt 0:06:31]} Nc6 {[%emt 0:07:49]} 11. Qd2 {[%emt 0:
02:20]} b5 {[%emt 0:01:46]} 12. a3 {[%emt 0:01:47]} Rb8 {[%emt 0:04:10]} 13.
Qf2 {[%emt 0:08:13]} b4 {[%emt 0:03:33]} 14. Qxc5 {[%emt 0:08:14]} Nxc5 {
[%emt 0:00:07]} 15. Ne2 {[%emt 0:01:36]} b3 {[%emt 0:16:50]} 16. O-O-O {
[%emt 0:03:46]} Nxd3+ {[%emt 0:01:47]} 17. Rxd3 {[%emt 0:00:47]} bxc2 {[%emt 0:
03:46]} 18. Kxc2 {[%emt 0:02:12]} Na5 {[%emt 0:01:25]} 19. Ned4 {[%emt 0:09:59]
} Bd7 {[%emt 0:02:49]} 20. b3 {[%emt 0:04:11]} O-O {[%emt 0:03:23]} 21. Rc3 {
[%emt 0:02:02]} Rb7 {[%emt 0:06:56]} 22. Nd2 {[%emt 0:04:58]} Rb6 {[%emt 0:09:
38]} 23. b4 {[%emt 0:04:48]} Nc6 {[%emt 0:01:02]} 24. N2b3 {[%emt 0:03:26]}
Nxd4+ {[%emt 0:04:16]} 25. Nxd4 {[%emt 0:00:09]} f6 {[%emt 0:01:42]} 26. exf6 {
[%emt 0:08:02]} gxf6 {[%emt 0:01:03]} 27. Re1 {[%emt 0:00:37]} Re8 {[%emt 0:00:
39]} 28. Rc7 {[%emt 0:05:41]} Ba4+ {[%emt 0:01:00]} 29. Kd2 {[%emt 0:00:04]} e5
{[%emt 0:05:25]} 30. fxe5 {[%emt 0:02:24]} fxe5 {[%emt 0:00:24]} 31. Nf5 {
[%emt 0:01:19]} Rf6 {[%emt 0:01:36]} 32. Ng7 {[%emt 0:02:43]} Ref8 {[%emt 0:01:
39]} 33. Rxe5 {[%emt 0:00:34]} Rg6 {[%emt 0:00:09]} 34. Nf5 {[%emt 0:03:08]}
Rxg2+ {[%emt 0:03:20]} 35. Ke3 {[%emt 0:00:04]} Rxh2 {[%emt 0:04:04]} 36. Rxd5
{[%emt 0:01:04]} Rh3+ {[%emt 0:00:48]} 37. Kd4 {[%emt 0:01:28]} Rxa3 {[%emt 0:
00:45]} 38. Nh6+ {[%emt 0:00:11]} Kh8 {[%emt 0:00:42]} 39. Rg5 {[%emt 0:00:57]}
Be8 {[%emt 0:03:15]} 40. Rcg7 {[%emt 0:00:33]} Bg6 {[%emt 0:00:31]} 41. Ra7 {
[%emt 0:02:01]} Rd3+ {[%emt 0:01:21]} 42. Kc5 {[%emt 0:03:09]} Rc8+ {[%emt 0:
01:41]} 43. Kb6 {[%emt 0:00:08]} Rd6+ {[%emt 0:00:45]} 44. Ka5 {[%emt 0:00:31]}
Rb8 {[%emt 0:09:04]} 45. Nf7+ {[%emt 0:05:06]} Bxf7 {[%emt 0:00:19]} 46. Rxf7 {
[%emt 0:00:06]} h6 {[%emt 0:01:44]} 47. Re5 {[%emt 0:07:12]} Rdb6 {[%emt 0:00:
46]} 48. Ree7 {[%emt 0:02:27]} Rxb4 {[%emt 0:01:10]} 49. Rh7+ {[%emt 0:00:06]}
Kg8 {[%emt 0:00:03]} 50. Rhg7+ {[%emt 0:00:05]} Kh8 {[%emt 0:00:26]} 51. Rh7+ {
[%emt 0:00:05]} Kg8 {[%emt 0:00:05]} 52. Rhg7+ {[%emt 0:00:04]} Kh8 {[%emt 0:
00:10]} 53. Rh7+ {[%emt 0:00:03]} 1/2-1/2

[Event "European School Championships"]
[Site "Rhodes, Greece"]
[Date "2022.04.27"]
[Round "7.3"]
[White "Susin, Derya Defne"]
[Black "Tsetskhladze, Mariam"]
[Result "0-1"]
[WhiteElo "1297"]
[BlackElo "1493"]
[PlyCount "60"]
[EventDate "2022.04.21"]
[EventRounds "9"]

1. d4 {[%emt 0:00:05]} Nf6 {[%emt 0:00:11]} 2. c4 {[%emt 0:00:09]} c5 {[%emt 0:
00:06]} 3. d5 {[%emt 0:01:59]} b5 {[%emt 0:01:05]} 4. cxb5 {[%emt 0:03:36]} a6
{[%emt 0:00:16]} 5. b6 {[%emt 0:01:03]} g6 {[%emt 0:06:54]} 6. Qb3 {[%emt 0:03:
26]} Bb7 {[%emt 0:01:31]} 7. Nc3 {[%emt 0:01:24]} d6 {[%emt 0:07:31]} 8. a4 {
[%emt 0:12:42]} a5 {[%emt 0:05:06]} 9. e4 {[%emt 0:05:09]} Bg7 {[%emt 0:06:12]}
10. Nf3 {[%emt 0:08:03]} Nfd7 {[%emt 0:02:41]} 11. Bb5 {[%emt 0:06:44]} O-O {
[%emt 0:03:32]} 12. O-O {[%emt 0:04:46]} Nxb6 {[%emt 0:02:41]} 13. Bf4 {
[%emt 0:01:54]} Na6 {[%emt 0:05:10]} 14. Rfe1 {[%emt 0:04:07]} Nb4 {[%emt 0:03:
23]} 15. Na2 {[%emt 0:03:08]} c4 {[%emt 0:05:34]} 16. Bxc4 {[%emt 0:05:36]}
Nxc4 {[%emt 0:00:36]} 17. Qxc4 {[%emt 0:00:26]} Ba6 {[%emt 0:01:15]} 18. Qc1 {
[%emt 0:10:13]} Nd3 {[%emt 0:00:10]} 19. Qd2 {[%emt 0:02:09]} Nxe1 {[%emt 0:01:
20]} 20. Rxe1 {[%emt 0:00:16]} Rb8 {[%emt 0:01:29]} 21. e5 {[%emt 0:01:31]} Qb6
{[%emt 0:02:02]} 22. Rb1 {[%emt 0:06:11]} Bc8 {[%emt 0:03:54]} 23. b4 {[%emt 0:
01:40]} Bf5 {[%emt 0:02:15]} 24. Rb3 {[%emt 0:00:56]} Rfc8 {[%emt 0:01:20]} 25.
h3 {[%emt 0:06:31]} Rc2 {[%emt 0:00:43]} 26. Qd4 {[%emt 0:02:33]} Rxa2 {
[%emt 0:01:56]} 27. b5 {[%emt 0:05:55]} dxe5 {[%emt 0:05:37]} 28. Bxe5 {
[%emt 0:00:32]} Bxe5 {[%emt 0:00:12]} 29. Qxb6 {[%emt 0:00:36]} Rxb6 {[%emt 0:
00:05]} 30. Nxe5 {[%emt 0:00:13]} Rxa4 {[%emt 0:00:16]} 0-1

[Event "European School Championships"]
[Site "Rhodes, Greece"]
[Date "2022.04.27"]
[Round "7.4"]
[White "Abbasova, Zarifa"]
[Black "Barbier-Ramaiah, Riya Aude"]
[Result "1-0"]
[WhiteElo "1497"]
[BlackElo "1210"]
[PlyCount "165"]
[EventDate "2022.04.21"]
[EventRounds "9"]

1. e4 c6 {[%emt 0:00:04]} 2. d4 {[%emt 0:00:05]} d5 {[%emt 0:00:06]} 3. Nc3 {
[%emt 0:00:04]} dxe4 {[%emt 0:00:13]} 4. Nxe4 {[%emt 0:00:04]} Bf5 {[%emt 0:00:
13]} 5. Ng3 {[%emt 0:00:05]} Bg6 {[%emt 0:00:11]} 6. h4 {[%emt 0:00:05]} h6 {
[%emt 0:00:11]} 7. Nf3 {[%emt 0:00:04]} Nd7 {[%emt 0:00:39]} 8. Bd3 {[%emt 0:
00:05]} Bxd3 {[%emt 0:00:06]} 9. Qxd3 {[%emt 0:00:05]} Ngf6 {[%emt 0:00:12]}
10. Bf4 {[%emt 0:00:39]} e6 {[%emt 0:00:32]} 11. h5 {[%emt 0:00:50]} Qa5+ {
[%emt 0:01:11]} 12. Bd2 {[%emt 0:00:51]} Bb4 {[%emt 0:01:18]} 13. c3 {[%emt 0:
04:04]} Be7 {[%emt 0:01:19]} 14. c4 {[%emt 0:01:43]} Qc7 {[%emt 0:01:36]} 15.
O-O-O {[%emt 0:00:45]} O-O {[%emt 0:00:41]} 16. Ne4 {[%emt 0:06:58]} Nxe4 {
[%emt 0:01:08]} 17. Qxe4 Nf6 {[%emt 0:00:16]} 18. Qe2 {[%emt 0:00:32]} a5 {
[%emt 0:01:27]} 19. Ne5 {[%emt 0:03:15]} c5 {[%emt 0:08:14]} 20. Bc3 {[%emt 0:
13:42]} Rfd8 {[%emt 0:07:39]} 21. Kb1 {[%emt 0:03:54]} cxd4 {[%emt 0:05:33]}
22. Bxd4 {[%emt 0:02:04]} Bc5 {[%emt 0:05:55]} 23. Bc3 {[%emt 0:06:27]} Nd7 {
[%emt 0:08:08]} 24. Nxd7 {[%emt 0:03:43]} Rxd7 25. Rxd7 {[%emt 0:00:14]} Qxd7 {
[%emt 0:00:12]} 26. Rd1 {[%emt 0:02:27]} Qc6 {[%emt 0:03:50]} 27. Qg4 {[%emt 0:
02:05]} Bf8 {[%emt 0:01:40]} 28. f3 {[%emt 0:08:29]} b5 {[%emt 0:03:15]} 29.
cxb5 {[%emt 0:09:58]} Qxb5 {[%emt 0:01:05]} 30. Qe4 {[%emt 0:01:23]} Rb8 {
[%emt 0:02:23]} 31. g4 {[%emt 0:08:10]} Ba3 {[%emt 0:13:27]} 32. Qe5 {[%emt 0:
01:17]} Qxe5 {[%emt 0:04:08]} 33. Bxe5 {[%emt 0:00:06]} Rb5 {[%emt 0:02:52]}
34. Bc3 {[%emt 0:05:38]} Kf8 {[%emt 0:06:41]} 35. Kc2 {[%emt 0:02:44]} Bb4 {
[%emt 0:05:30]} 36. Rd4 {[%emt 0:11:50]} Rc5 {[%emt 0:06:04]} 37. Kd3 {[%emt 0:
02:53]} Bxc3 {[%emt 0:01:34]} 38. bxc3 {[%emt 0:00:04]} Ke7 {[%emt 0:00:42]}
39. f4 {[%emt 0:02:47]} e5 {[%emt 0:04:28]} 40. fxe5 {[%emt 0:00:53]} Ke6 {
[%emt 0:02:25]} 41. c4 {[%emt 0:08:25]} Rxe5 {[%emt 0:01:56]} 42. Rf4 {[%emt 0:
07:06]} g6 {[%emt 0:06:07]} 43. Re4 {[%emt 0:07:49]} Kd6 {[%emt 0:11:38]} 44.
Kd4 {[%emt 0:03:11]} Rg5 {[%emt 0:03:25]} 45. hxg6 {[%emt 0:02:22]} fxg6 {
[%emt 0:01:05]} 46. Rf4 {[%emt 0:00:34]} h5 {[%emt 0:04:07]} 47. gxh5 {[%emt 0:
00:02]} gxh5 {[%emt 0:00:28]} 48. Rf6+ {[%emt 0:00:04]} Ke7 {[%emt 0:02:11]}
49. Rh6 {[%emt 0:01:28]} Kf7 {[%emt 0:01:36]} 50. c5 {[%emt 0:01:01]} Ke7 {
[%emt 0:02:33]} 51. Ra6 {[%emt 0:01:17]} Rg4+ {[%emt 0:00:29]} 52. Kd5 {
[%emt 0:01:09]} Ra4 {[%emt 0:00:20]} 53. Rh6 {[%emt 0:00:24]} Rxa2 {[%emt 0:00:
25]} 54. Rxh5 {[%emt 0:00:12]} Kd7 {[%emt 0:00:58]} 55. Rh7+ {[%emt 0:00:13]}
Kc8 {[%emt 0:00:31]} 56. Kc6 {[%emt 0:00:13]} Kd8 {[%emt 0:00:30]} 57. Rh8+ {
[%emt 0:00:51]} Ke7 {[%emt 0:00:07]} 58. Kc7 {[%emt 0:00:10]} Rc2 {[%emt 0:00:
18]} 59. c6 {[%emt 0:00:14]} a4 {[%emt 0:00:16]} 60. Ra8 {[%emt 0:00:28]} Rc4 {
[%emt 0:00:10]} 61. Ra6 {[%emt 0:01:07]} Ke6 {[%emt 0:01:15]} 62. Kb8 {[%emt 0:
02:43]} Kd6 {[%emt 0:01:01]} 63. c7+ {[%emt 0:00:11]} Kd7 {[%emt 0:00:25]} 64.
Rxa4 {[%emt 0:00:14]} Rxa4 {[%emt 0:00:38]} 65. c8=Q+ {[%emt 0:00:06]} Ke7 {
[%emt 0:00:29]} 66. Qc5+ {[%emt 0:00:14]} Ke6 {[%emt 0:00:26]} 67. Qc6+ {
[%emt 0:00:05]} Ke5 {[%emt 0:00:23]} 68. Qxa4 {[%emt 0:00:03]} Kd5 {[%emt 0:00:
24]} 69. Qb4 {[%emt 0:00:05]} Ke5 {[%emt 0:00:18]} 70. Qc4 {[%emt 0:00:03]} Kf5
{[%emt 0:00:11]} 71. Qd4 {[%emt 0:00:04]} Ke6 {[%emt 0:00:30]} 72. Qc5 {
[%emt 0:00:11]} Kf6 {[%emt 0:00:20]} 73. Qd5 {[%emt 0:00:04]} Kg6 {[%emt 0:00:
24]} 74. Qe5 {[%emt 0:00:04]} Kf7 {[%emt 0:00:08]} 75. Qd6 {[%emt 0:00:04]} Kg7
{[%emt 0:00:38]} 76. Qe6 {[%emt 0:00:03]} Kh7 {[%emt 0:01:28]} 77. Qf6 {
[%emt 0:00:04]} Kg8 {[%emt 0:00:22]} 78. Qe7 Kh8 {[%emt 0:00:26]} 79. Kc7 {
[%emt 0:00:01]} Kg8 {[%emt 0:00:19]} 80. Kd6 {[%emt 0:00:04]} Kh8 {[%emt 0:00:
12]} 81. Ke6 {[%emt 0:00:04]} Kg8 {[%emt 0:00:13]} 82. Kf6 {[%emt 0:00:03]} Kh8
{[%emt 0:00:22]} 83. Qg7# {[%emt 0:00:02]} 1-0

[Event "European School Championships"]
[Site "Rhodes, Greece"]
[Date "2022.04.28"]
[Round "8.1"]
[White "Abbasova, Zarifa"]
[Black "Kirtadze, Anastasia"]
[Result "0-1"]
[WhiteElo "1497"]
[BlackElo "1783"]
[PlyCount "190"]
[EventDate "2022.04.21"]
[EventRounds "9"]

1. e4 c5 {[%emt 0:00:05]} 2. c3 {[%emt 0:00:04]} d5 {[%emt 0:00:07]} 3. exd5 {
[%emt 0:00:04]} Qxd5 {[%emt 0:00:05]} 4. d4 {[%emt 0:00:03]} Nf6 {[%emt 0:00:
11]} 5. Nf3 {[%emt 0:00:04]} e6 {[%emt 0:00:23]} 6. Be3 {[%emt 0:00:05]} cxd4 {
[%emt 0:01:51]} 7. cxd4 {[%emt 0:00:07]} Nc6 {[%emt 0:01:11]} 8. Nc3 {[%emt 0:
01:00]} Qd6 {[%emt 0:01:03]} 9. Bd3 {[%emt 0:00:57]} Be7 {[%emt 0:00:26]} 10.
O-O {[%emt 0:00:45]} O-O {[%emt 0:00:13]} 11. Qe2 {[%emt 0:02:29]} b6 {[%emt 0:
05:16]} 12. Rac1 {[%emt 0:02:24]} Bb7 {[%emt 0:06:24]} 13. a3 {[%emt 0:13:01]}
Rac8 {[%emt 0:04:32]} 14. Ne4 {[%emt 0:18:52]} Qd7 {[%emt 0:19:18]} 15. Ned2 {
[%emt 0:05:56]} Nd5 {[%emt 0:04:29]} 16. Nc4 {[%emt 0:09:18]} Bf6 {[%emt 0:02:
17]} 17. Nce5 {[%emt 0:01:34]} Qd6 {[%emt 0:06:29]} 18. Nxc6 {[%emt 0:03:03]}
Rxc6 {[%emt 0:02:33]} 19. Rxc6 {[%emt 0:01:10]} Qxc6 {[%emt 0:02:09]} 20. Qc2 {
[%emt 0:04:53]} Qxc2 {[%emt 0:03:31]} 21. Bxc2 {[%emt 0:01:06]} h6 {[%emt 0:02:
14]} 22. Rd1 {[%emt 0:07:16]} Rc8 {[%emt 0:04:46]} 23. Bb3 {[%emt 0:01:35]} Kf8
{[%emt 0:01:02]} 24. Ne1 {[%emt 0:08:56]} Ne7 {[%emt 0:05:04]} 25. f3 {[%emt 0:
05:57]} Bd5 {[%emt 0:04:09]} 26. Bxd5 {[%emt 0:00:42]} Nxd5 {[%emt 0:00:03]}
27. Kf2 {[%emt 0:00:54]} Ke7 {[%emt 0:01:30]} 28. f4 {[%emt 0:00:51]} g5 {
[%emt 0:05:29]} 29. g3 {[%emt 0:02:48]} gxf4 {[%emt 0:00:51]} 30. gxf4 {
[%emt 0:00:34]} Bh4+ {[%emt 0:01:28]} 31. Kf3 {[%emt 0:00:28]} Bxe1 {[%emt 0:
01:05]} 32. Rxe1 {[%emt 0:00:04]} Rc2 {[%emt 0:04:17]} 33. Re2 {[%emt 0:00:19]}
Rxe2 {[%emt 0:00:08]} 34. Kxe2 {[%emt 0:00:04]} f5 {[%emt 0:00:53]} 35. Bd2 {
[%emt 0:01:14]} Kf6 {[%emt 0:01:41]} 36. b4 {[%emt 0:02:45]} b5 {[%emt 0:00:55]
} 37. Kf2 {[%emt 0:02:13]} Ne7 {[%emt 0:01:30]} 38. Kf3 {[%emt 0:02:35]} Kf7 {
[%emt 0:00:17]} 39. Kg2 {[%emt 0:02:51]} Ke8 {[%emt 0:00:09]} 40. Kf3 {[%emt 0:
00:35]} Kd7 {[%emt 0:00:15]} 41. Ke3 {[%emt 0:00:25]} Kd6 {[%emt 0:00:13]} 42.
Kd3 {[%emt 0:01:27]} Kd5 {[%emt 0:01:34]} 43. Be1 {[%emt 0:02:22]} Ng6 {
[%emt 0:00:50]} 44. Bg3 {[%emt 0:00:25]} Kd6 {[%emt 0:03:07]} 45. Ke3 {[%emt 0:
01:34]} Ke7 {[%emt 0:00:22]} 46. Kf3 {[%emt 0:00:44]} Kf7 {[%emt 0:00:41]} 47.
Bf2 {[%emt 0:01:09]} a6 {[%emt 0:01:00]} 48. Be1 {[%emt 0:03:02]} Ne7 {[%emt 0:
02:02]} 49. Bd2 {[%emt 0:02:36]} Nc8 50. Kg3 {[%emt 0:03:12]} Nd6 {[%emt 0:01:
16]} 51. Kf3 {[%emt 0:00:41]} Ne8 {[%emt 0:00:45]} 52. Be1 {[%emt 0:01:32]} Ke7
{[%emt 0:00:45]} 53. Bh4+ {[%emt 0:00:53]} Kd6 {[%emt 0:00:57]} 54. Ke3 {
[%emt 0:00:10]} Kd5 {[%emt 0:00:25]} 55. Kd3 {[%emt 0:02:15]} Nd6 {[%emt 0:00:
15]} 56. Be1 {[%emt 0:00:27]} Nc4 {[%emt 0:00:49]} 57. Bc3 Nxa3 {[%emt 0:00:06]
} 58. Bb2 {[%emt 0:00:02]} Nc4 {[%emt 0:00:24]} 59. Bc3 {[%emt 0:00:19]} Kd6 {
[%emt 0:01:05]} 60. Ke2 {[%emt 0:01:36]} Ke7 {[%emt 0:00:47]} 61. Kf3 {[%emt 0:
01:06]} Nd6 {[%emt 0:00:15]} 62. Bd2 {[%emt 0:00:38]} Kf6 {[%emt 0:00:39]} 63.
Be1 {[%emt 0:00:52]} Ne4 {[%emt 0:00:59]} 64. Bh4+ {[%emt 0:00:56]} Kg6 {
[%emt 0:00:16]} 65. Be1 {[%emt 0:00:08]} Kh5 {[%emt 0:01:11]} 66. h3 {[%emt 0:
00:09]} Nf6 {[%emt 0:00:38]} 67. Kg3 {[%emt 0:00:38]} Kg6 {[%emt 0:00:47]} 68.
Kf3 {[%emt 0:00:50]} Kf7 {[%emt 0:00:27]} 69. Ke3 {[%emt 0:00:53]} Ke8 {
[%emt 0:00:34]} 70. Kd3 {[%emt 0:01:04]} Kd7 {[%emt 0:00:32]} 71. Bc3 {[%emt 0:
00:52]} Kd6 {[%emt 0:00:23]} 72. Bd2 {[%emt 0:00:15]} Kc6 {[%emt 0:02:20]} 73.
Ke3 {[%emt 0:00:56]} Ne8 {[%emt 0:01:21]} 74. Kd3 {[%emt 0:01:18]} Nd6 {
[%emt 0:01:34]} 75. Kc2 {[%emt 0:01:22]} Nc4 {[%emt 0:03:18]} 76. Be1 {[%emt 0:
01:00]} Kb6 {[%emt 0:01:40]} 77. Kb3 {[%emt 0:01:45]} a5 {[%emt 0:01:32]} 78.
bxa5+ {[%emt 0:00:56]} Nxa5+ {[%emt 0:00:02]} 79. Kb4 Nc6+ {[%emt 0:00:36]} 80.
Kc3 {[%emt 0:00:06]} Kc7 {[%emt 0:00:19]} 81. Kd3 {[%emt 0:01:59]} Kd6 {
[%emt 0:00:06]} 82. Bd2 {[%emt 0:00:52]} Kd5 {[%emt 0:00:37]} 83. Bc3 {[%emt 0:
00:09]} b4 {[%emt 0:01:17]} 84. Bb2 {[%emt 0:00:49]} Na5 {[%emt 0:00:42]} 85.
Bc1 {[%emt 0:01:03]} Nc4 {[%emt 0:00:09]} 86. Kc2 {[%emt 0:00:28]} Kxd4 {
[%emt 0:00:46]} 87. Kb3 {[%emt 0:00:17]} Kc5 {[%emt 0:00:31]} 88. Kc2 {[%emt 0:
00:29]} Nd6 {[%emt 0:01:07]} 89. Kb3 {[%emt 0:00:25]} Nb5 {[%emt 0:00:57]} 90.
Bd2 {[%emt 0:01:27]} Nd4+ {[%emt 0:00:19]} 91. Ka4 {[%emt 0:00:29]} b3 {
[%emt 0:00:07]} 92. Ka3 {[%emt 0:00:07]} Kc4 {[%emt 0:00:04]} 93. Kb2 {[%emt 0:
00:19]} Kd3 {[%emt 0:00:28]} 94. Bb4 {[%emt 0:00:20]} h5 {[%emt 0:02:11]} 95.
Bd6 {[%emt 0:01:14]} Ke4 {[%emt 0:00:07]} 0-1